India and the Oceania : exploring vistas for cooperation (Record no. 12043)

000 -LEADER
fixed length control field 00454nam a22001697a 4500
008 - FIXED-LENGTH DATA ELEMENTS--GENERAL INFORMATION
fixed length control field 220228b ||||| |||| 00| 0 eng d
020 ## - INTERNATIONAL STANDARD BOOK NUMBER
International Standard Book Number 9788182748569
082 ## - DEWEY DECIMAL CLASSIFICATION NUMBER
Classification number 303.48254095
Item number JHA
100 ## - MAIN ENTRY--PERSONAL NAME
Personal name Jha, Pankaj K.
245 ## - TITLE STATEMENT
Title India and the Oceania : exploring vistas for cooperation
260 ## - PUBLICATION, DISTRIBUTION, ETC. (IMPRINT)
Place of publication, distribution, etc New Delhi
Name of publisher, distributor, etc Pentagon press
Date of publication, distribution, etc 2016
300 ## - PHYSICAL DESCRIPTION
Extent xiv, 231p.
650 ## - SUBJECT ADDED ENTRY--TOPICAL TERM
Topical term or geographic name as entry element India
650 ## - SUBJECT ADDED ENTRY--TOPICAL TERM
Topical term or geographic name as entry element Oceania
650 ## - SUBJECT ADDED ENTRY--TOPICAL TERM
Topical term or geographic name as entry element Diplomatic relations
942 ## - ADDED ENTRY ELEMENTS (KOHA)
Item type Books
Holdings
Withdrawn status Lost status Source of classification or shelving scheme Damaged status Not for loan Collection code Permanent location Current location Shelving location Date acquired Full call number Barcode Date last seen Koha item type Public note
          Non-fiction IMU-MPC Library IMU-MPC Library General Stacks 2022-02-28 303.48254095 JHA MPC6543 2025-03-17 Books Column-2
Copyright © 2021 Indian Maritime University, Mumbai Port Campus. All Rights Reserved. Managed & Maintained by Central Library, IMU-Mumbai

webs counters

Powered by Koha